Guess the Taylor Swift song by the first line! - Statistics

General Stats
  • This quiz has been taken 150 times
  • The average score is 12 of 22
Answer Stats
Hint Answer % Correct
Now go stand in the corner and think about what you did Better Than Revenge
94%
It was the best of times, the worst of crimes Getaway Car
93%
Salt air, and the rust on your door august
88%
Flashing lights and we took a wrong turn and we fell down a rabbit hole Wonderland
74%
Our secret moments in a crowded room Dress
71%
I blew things out of proportion, now you're blue Afterglow
66%
I, I loved you in secret Dancing With Our Hands Tied
66%
Hey (........) do you ever stop and think about me? dorothea
61%
Is it romantic how all my elegies eulogize me the lakes
61%
You brush past me in the hallway and you don't think I, (. ... ... ...) do ya? I Can See You
56%
How many days did I spend thinking 'bout how you did me wrong, wrong, wrong I Forgot That You Existed
55%
(... .......) I know looks can be deceiving Hey Stephen
53%
I washed my hands of us at the club, you made a mess of me Hits Different
50%
She said I was seven and you were nine Mary's Song
50%
Keep your helmet, keep your life, son epiphany
42%
And the tennis court was covered up with some tent-like thing cowboy like me
41%
If I wanted to know who you were hanging with while I was gone I would've asked you 'tis the damn season
41%
I was reminiscing just the other day while having coffee all alone and lord it took me away Holy Ground
36%
I still remember the look on your face Last Kiss
35%
It's strange to think the songs we used to sing, the smiles the flowers everything is gone Should've Said No
29%
It keeps me awake, the look on your face the moment you heard the news Only The Young
28%
I took a chance, I took a shot, and you might think I'm bulletproof but I'm not Tell Me Why
27%
No matching quizzes found
Score Distribution
Percent of People with Each Score
Percentile by Number Answered
Your Score History
You have not taken this quiz